[Event "London Classic Open 2016"]
[Site "London ENG"]
[Date "2016.12.16"]
[Round "9.88"]
[White "Rocco, Federico"]
[Black "Millward, Kevin P"]
[Result "1/2-1/2"]
[WhiteElo "1927"]
[BlackElo "2027"]
[WhiteFideId "431362"]
[BlackFideId "404721"]
[EventDate "2016.12.09"]

1. e4 d6 2. d4 g6 3. Nc3 a6 4. Bd3 b5 5. a3 Bg7 6. Be3 Nd7 7. f4 c5 8. Nf3 Bb7
9. O-O Ngf6 10. d5 Ng4 11. Qd2 Qb6 12. Kh1 Nxe3 13. Qxe3 c4 14. Qxb6 Nxb6 15.
Be2 Bxc3 16. bxc3 Na4 17. Nd4 Nxc3 18. Bf3 O-O-O 19. f5 Kb8 20. Rae1 f6 21. Re3
Na4 22. h4 Rdg8 23. Rb1 g5 24. hxg5 Rxg5 25. Ne6 Rg3 26. Kg1 Bc8 27. Kf2 Rgg8
28. Nf4 Nc5 29. Bh5 Nd7 30. a4 Nb6 31. axb5 a5 32. Ra1 a4 33. Ne2 Bd7 34. Nd4
Kc7 35. Nc6 Rg7 36. Be2 Rhg8 37. g3 Ra8 38. Rc3 Bxc6 39. bxc6 Ra5 40. Rca3 Rb5
41. g4 Rb2 42. R3a2 Rxa2 43. Rxa2 Rg8 44. Ke3 Ra8 45. Ra3 Ra5 46. Kd4 Rb5 47.
Kc3 Rb1 48. Bxc4 Re1 49. Bd3 Re3 50. Ra1 Rh3 51. Kb4 Rh4 52. Ka5 Rxg4 53. Rb1 a3
54. Ra1 Rg8 55. Rxa3 Ra8+ 56. Kb4 Rxa3 57. Kxa3 Nc8 58. c4 Kb6 59. Kb4 h5 60.
Be2 h4 61. Bf3 h3 62. Ka4 Na7 63. Kb4 Nc8 64. Kc3 Kc5 65. Kd3 Nb6 66. Ke2 Kxc4
67. Kf2 Kc5 68. Kg3 Nc8 69. Kxh3 Kb6 70. Kg4 Kc7 71. Kh5 Na7 72. Kg6 Kd8 73. Be2
Nc8 74. Kf7 Nb6 75. Bb5 Na8 76. Ba6 Nc7 77. Bd3 Ne8 78. Kg8 Nc7 79. Kf8 Ne8 80.
Kf7 Nc7 81. Be2 Ne8 82. Bc4 Nc7 83. e5 fxe5 84. f6 exf6 85. Kxf6 Na8 86. Bd3 Nb6
87. Ke6 Kc7 88. Bb5 Nc8 89. Kf5 1/2-1/2

[Event "London Classic Open 2016"]
[Site "London ENG"]
[Date "2016.12.16"]
[Round "9.89"]
[White "Opasiak, Dustin Tennessee"]
[Black "Riedener, Toni"]
[Result "1/2-1/2"]
[WhiteElo "1823"]
[BlackElo "2026"]
[WhiteFideId "24630217"]
[BlackFideId "1302698"]
[EventDate "2016.12.09"]

1. e4 c5 2. Ne2 d6 3. Nbc3 Nf6 4. g3 g6 5. Bg2 Bg7 6. O-O O-O 7. d3 Nc6 8. Bd2
Rb8 9. Qc1 b5 10. Bh6 e6 11. Bxg7 Kxg7 12. f4 Qb6 13. Kh1 Bb7 14. Qd2 Rbd8 15.
Rae1 Nd4 16. Nd1 Nxe2 1/2-1/2

[Event "London Classic Open 2016"]
[Site "London ENG"]
[Date "2016.12.16"]
[Round "9.90"]
[White "Fernandez Aransay, Fernando"]
[Black "Rice, Chris B"]
[Result "1/2-1/2"]
[WhiteElo "1862"]
[BlackElo "2002"]
[WhiteFideId "2216280"]
[BlackFideId "404446"]
[EventDate "2016.12.09"]

1. e4 e6 2. d4 d5 3. exd5 exd5 4. Nf3 Bd6 5. c4 Nf6 6. Bd3 dxc4 7. Bxc4 O-O 8.
O-O Nc6 9. Be3 Bg4 10. Nc3 a6 11. h3 Bf5 12. Nh4 Bd7 13. Nf3 Bf5 1/2-1/2

[Event "London Classic Open 2016"]
[Site "London ENG"]
[Date "2016.12.16"]
[Round "9.91"]
[White "Giakoustidis, Spiros-Avgerinos"]
[Black "Varney, Zoe"]
[Result "1/2-1/2"]
[WhiteElo "1800"]
[BlackElo "2000"]
[WhiteFideId "4208668"]
[BlackFideId "436135"]
[EventDate "2016.12.09"]

1. d4 d5 2. c4 c6 3. Nc3 Nf6 4. Bg5 e6 5. cxd5 exd5 6. e3 Be7 7. Bd3 h6 8. Bh4
O-O 9. Qc2 Re8 10. Nf3 Ne4 11. Bxe7 Qxe7 12. O-O Ng5 13. Ne5 Nd7 14. f4 Nxe5 15.
dxe5 Ne6 16. Rf3 d4 17. Ne4 dxe3 18. Nd6 Nd4 19. Qc4 Nxf3+ 20. gxf3 Be6 21. Qe4
f5 22. Qxe3 Rf8 23. Kh1 b6 24. Rg1 Rad8 25. Rg6 Kh7 26. Qg1 Rxd6 27. exd6 Qd7
28. Rg3 Bxa2 29. h4 Rf7 30. Qd4 Be6 31. h5 Qd8 32. Qe5 Bc8 33. Bc4 Rb7 34. Ba6
Rf7 35. Bc4 Rb7 36. Ba6 1/2-1/2

[Event "London Classic Open 2016"]
[Site "London ENG"]
[Date "2016.12.16"]
[Round "9.92"]
[White "Bin-Suhayl, Yousuf"]
[Black "Stolarczyk, Anna"]
[Result "1/2-1/2"]
[BlackTitle "WCM"]
[WhiteElo "1788"]
[BlackElo "1992"]
[WhiteFideId "427012"]
[BlackFideId "1126423"]
[EventDate "2016.12.09"]

1. Nf3 d5 2. c4 c6 3. e3 Nf6 4. d4 e6 5. Nbd2 Nbd7 6. Bd3 Bd6 7. O-O Qe7 8. e4
dxe4 9. Nxe4 Nxe4 10. Bxe4 Nf6 11. Bc2 O-O 12. b3 c5 13. Ba3 Rd8 14. Qe2 cxd4
15. Bxd6 Qxd6 16. Rad1 Qc5 17. Rd3 b6 18. Rxd4 Rxd4 19. Nxd4 Bb7 20. Rd1 Rc8 21.
Nb5 Ra8 22. Nd6 Bc6 23. Ne4 Nxe4 24. Bxe4 Rc8 25. Bxc6 Qxc6 26. Qd3 g6 27. Qd7
a5 28. Kf1 1/2-1/2

[Event "London Classic Open 2016"]
[Site "London ENG"]
[Date "2016.12.16"]
[Round "9.93"]
[White "Islam, Mohammed"]
[Black "Jyothilal, N."]
[Result "0-1"]
[WhiteElo "1788"]
[BlackElo "1985"]
[WhiteFideId "10211870"]
[BlackFideId "5002605"]
[EventDate "2016.12.09"]

1. c4 Nf6 2. g3 e6 3. Bg2 d5 4. d4 Be7 5. Nf3 O-O 6. O-O c5 7. cxd5 exd5 8. e3
Nc6 9. Nc3 c4 10. b3 cxb3 11. Qxb3 Na5 12. Qd1 Bg4 13. h3 Bf5 14. g4 Be6 15. Ne5
Rc8 16. Bd2 Nc4 17. Nxc4 Rxc4 18. f4 Bb4 19. Ne2 Bxd2 20. Qxd2 Re8 21. Ng3 Bc8
22. Rac1 b5 23. g5 Ne4 24. Nxe4 Rxc1 25. Rxc1 dxe4 26. Qc2 Bb7 27. Qc7 Qa8 28.
Rc5 Rc8 29. Qe5 Rxc5 30. Qxc5 a6 31. h4 g6 32. Bh3 Qd8 33. f5 gxf5 34. Bxf5 Bd5
35. a3 Kg7 36. Bxe4 Bxe4 37. Qe5+ Kg8 38. Qxe4 Qd6 39. Kg2 Qxa3 40. Qe8+ Qf8 41.
Qc6 b4 42. Qxa6 Qb8 43. h5 b3 44. h6 Qd8 45. Kf2 Qb8 46. Kg2 Kf8 47. Qf6 Qb7+
48. Kf2 Qc7 49. Qh8+ Ke7 50. Qf6+ Ke8 51. Qh8+ Ke7 52. Qxh7 Qh2+ 53. Kf3 Qh1+
54. Kf4 b2 55. Qc2 b1=Q 56. Qc7+ Ke6 57. Qc8+ Kd6 58. Qc5+ Kd7 59. Qf5+ Qxf5+
60. Kxf5 Ke7 61. e4 Qf3+ 62. Ke5 Qh5 63. Kf4 Qg6 64. e5 Ke6 0-1

[Event "London Classic Open 2016"]
[Site "London ENG"]
[Date "2016.12.16"]
[Round "9.94"]
[White "Mulay, Partha"]
[Black "Vachtfeidl, Petr"]
[Result "0-1"]
[WhiteElo "1767"]
[BlackElo "1963"]
[WhiteFideId "436038"]
[BlackFideId "315028"]
[EventDate "2016.12.09"]

1. e4 c5 2. Nc3 Nc6 3. f4 e6 4. Nf3 d5 5. Bb5 Ne7 6. exd5 exd5 7. Qe2 f6 8. O-O
Kf7 9. Re1 a6 10. Bxc6 Nxc6 11. Nxd5 Qxd5 12. Qe8+ Kg8 13. d3 Qf7 14. Qe4 Bd7
15. f5 Re8 16. Qf4 Rxe1+ 17. Nxe1 Qd5 0-1

[Event "London Classic Open 2016"]
[Site "London ENG"]
[Date "2016.12.16"]
[Round "9.95"]
[White "Grassie, Duncan"]
[Black "Rogacewicz, Mikolaj"]
[Result "1-0"]
[WhiteElo "2100"]
[BlackElo "1765"]
[WhiteFideId "411787"]
[BlackFideId "21842981"]
[EventDate "2016.12.09"]

1. d4 e6 2. e4 d5 3. e5 c5 4. c3 Nc6 5. Nf3 Bd7 6. Be2 Nge7 7. O-O Rc8 8. Na3
cxd4 9. cxd4 Qb6 10. Nc2 Na5 11. b4 Nc4 12. a4 Nc6 13. b5 N6a5 14. Rb1 a6 15.
Ne3 axb5 16. Nxc4 dxc4 17. axb5 Bxb5 18. Be3 Qa6 19. d5 exd5 20. Qxd5 Bc6 21.
Qd4 Be7 22. Rb6 Qa8 23. e6 O-O 24. exf7+ Rxf7 25. Ng5 Bf6 26. Qg4 Bd7 27. Qh5
Bxg5 28. Qxg5 Nb3 29. Bh5 Rf5 30. Qe7 Rxh5 31. Qxd7 Qb8 32. Bf4 Qxf4 33. Qxc8+
Kf7 34. Qxb7+ 1-0

[Event "London Classic Open 2016"]
[Site "London ENG"]
[Date "2016.12.16"]
[Round "9.96"]
[White "Ditmas, Hugh"]
[Black "Saksham, Rautela"]
[Result "0-1"]
[WhiteElo "2018"]
[BlackElo "1768"]
[WhiteFideId "1270666"]
[BlackFideId "35046977"]
[EventDate "2016.12.09"]

1. d4 Nf6 2. c4 e6 3. Nf3 Bb4+ 4. Nbd2 O-O 5. a3 Be7 6. b4 d5 7. Bb2 a5 8. c5
Bd7 9. e3 Qe8 10. Bd3 Bb5 11. Qe2 Bxd3 12. Qxd3 axb4 13. axb4 Na6 14. O-O Nxb4
15. Rxa8 Nxd3 16. Rxe8 Rxe8 17. Bc3 b6 18. Ne5 Nxe5 19. dxe5 Nd7 20. cxb6 cxb6
21. Ra1 Rc8 22. Bd4 Bb4 23. Nb3 Nc5 24. Nc1 g6 25. Kf1 Ba5 26. f3 Kf8 27. Ke2
Ke7 28. Rb1 Kd7 29. Nd3 Na4 30. Rc1 Rc4 31. Kd1 b5 32. Ra1 Kc6 33. g4 Bb6 34.
Bxb6 Kxb6 35. Kd2 Nc5 36. Ra8 Nxd3 37. Kxd3 Rc7 38. h4 b4 39. h5 Kb7 40. Ra5 Kb6
41. Ra8 gxh5 42. gxh5 Kb5 43. h6 b3 44. Rb8+ Ka4 45. Kd2 Ka3 46. Rh8 Rc4 47.
Ra8+ Ra4 48. Rb8 b2 49. Ke2 Rc4 50. Kd2 Rb4 51. Rxb4 Kxb4 52. Kc2 Ka3 53. Kb1
Kb3 54. f4 Kc3 0-1

[Event "London Classic Open 2016"]
[Site "London ENG"]
[Date "2016.12.16"]
[Round "9.97"]
[White "Shepherd, Katherine M"]
[Black "De Lagontrie, Jean"]
[Result "1-0"]
[WhiteElo "1935"]
[BlackElo "1746"]
[WhiteFideId "412031"]
[BlackFideId "605271"]
[EventDate "2016.12.09"]

1. d4 Nf6 2. Nf3 d5 3. c4 e6 4. e3 Nbd7 5. Nc3 c6 6. Qc2 Bd6 7. Bd3 dxc4 8. Bxc4
b5 9. Bd3 Bb7 10. e4 e5 11. Be3 Ng4 12. Bg5 Be7 13. Bxe7 Qxe7 14. O-O O-O 15.
Ne2 g6 16. h3 Ngf6 17. dxe5 Nxe5 18. Nxe5 Qxe5 19. f4 Qe7 20. Ng3 Rfd8 21. Rad1
Nd7 22. Be2 Qc5+ 23. Qxc5 Nxc5 24. b3 a5 25. Kf2 h5 26. Ke3 a4 27. b4 Na6 28.
Rb1 Bc8 29. a3 h4 30. Nh1 f5 31. Bf3 Re8 32. e5 Bb7 33. Rbc1 Nxb4 34. axb4 a3
35. Ra1 a2 36. Rf2 Ra3+ 37. Kd4 Rea8 38. Kc5 R8a6 39. Rc2 Kf7 40. Nf2 Ke7 41.
Nd1 Ke6 42. Nc3 Ke7 43. Nxb5 1-0

[Event "London Classic Open 2016"]
[Site "London ENG"]
[Date "2016.12.16"]
[Round "9.98"]
[White "Garcia Serrano, Jose M.2"]
[Black "Rushbrooke, Remy"]
[Result "0-1"]
[WhiteElo "1913"]
[BlackElo "1651"]
[WhiteFideId "2285215"]
[BlackFideId "443590"]
[EventDate "2016.12.09"]

1. e4 e5 2. f4 d5 3. exd5 e4 4. d3 Nf6 5. dxe4 Nxe4 6. Nf3 Bc5 7. Qe2 Bf5 8. Nc3
Qe7 9. Be3 Bxe3 10. Qxe3 Nxc3 11. Qxe7+ Kxe7 12. bxc3 Be4 13. c4 Bxf3 14. gxf3
Nd7 15. Bd3 g6 16. Kf2 Kd6 17. h4 Nf6 18. Rhe1 Rhe8 19. Rab1 b6 20. f5 Nh5 21.
fxg6 fxg6 22. Re4 Rxe4 23. Bxe4 Re8 24. Re1 Kc5 25. c3 Nf4 26. Kg3 Nh5+ 27. Kg4
Re5 28. Re2 Kxc4 29. Re3 Nf6+ 30. Kf4 Rxd5 31. Kg3 Nh5+ 32. Kg4 Rd2 33. a4 Rg2+
34. Kh3 Nf4# 0-1

[Event "London Classic Open 2016"]
[Site "London ENG"]
[Date "2016.12.16"]
[Round "9.99"]
[White "Dror, Levi"]
[Black "Cohen, Ronnie"]
[Result "1/2-1/2"]
[WhiteElo "1698"]
[BlackElo "1903"]
[WhiteFideId "2809583"]
[BlackFideId "412082"]
[EventDate "2016.12.09"]

1. e4 c6 2. d4 d5 3. e5 Bf5 4. Be3 e6 5. Nd2 Qa5 6. Nf3 Ne7 7. Be2 h6 8. O-O Bh7
9. Nb3 Qc7 10. Rc1 Nf5 11. Bd2 a5 12. a4 Be7 13. c4 dxc4 14. Bxc4 Qd8 15. g4 Nh4
16. Nxh4 Bxh4 17. f4 b6 18. Qf3 Ra7 19. f5 exf5 20. gxf5 Bg5 21. Rcd1 O-O 22.
Bc3 Kh8 23. Nd2 Qe8 24. Ne4 b5 1/2-1/2

[Event "London Classic Open 2016"]
[Site "London ENG"]
[Date "2016.12.16"]
[Round "9.100"]
[White "Bhavik Ahuja"]
[Black "Jekel, Wolfgang"]
[Result "1/2-1/2"]
[WhiteElo "1344"]
[BlackElo "1790"]
[WhiteFideId "46647392"]
[BlackFideId "4690370"]
[EventDate "2016.12.09"]

1. e4 d5 2. exd5 Qxd5 3. Nc3 Qd6 4. d4 c6 5. Nf3 Bg4 6. h3 Bh5 7. Bc4 Nf6 8. Be3
Nbd7 9. Qe2 e6 10. O-O-O Bxf3 11. Qxf3 Qc7 12. Rhe1 Bb4 13. Bf4 Qa5 14. Bd2
O-O-O 15. a3 Bxc3 16. Bxc3 Qc7 1/2-1/2

[Event "London Classic Open 2016"]
[Site "London ENG"]
[Date "2016.12.16"]
[Round "9.101"]
[White "Barasi, Paul Dl"]
[Black "Ignatovic, Ernest"]
[Result "0-1"]
[WhiteElo "1770"]
[BlackElo "1630"]
[WhiteFideId "432830"]
[BlackFideId "12806986"]
[EventDate "2016.12.09"]

1. d4 Nf6 2. Bg5 c5 3. d5 g6 4. Bxf6 exf6 5. e3 d6 6. Nc3 Bg7 7. Nf3 O-O 8. Be2
f5 9. O-O Nd7 10. Qd2 Nf6 11. Qd3 a6 12. a4 Re8 13. Nd2 Ne4 14. Nc4 b6 15. Bf3
Nxc3 16. bxc3 Rb8 17. Rfb1 Qc7 18. Nd2 Bd7 19. Ra3 b5 20. axb5 axb5 21. Rba1 b4
22. Ra7 Rb7 23. Rxb7 Qxb7 24. Rb1 Bb5 25. c4 Ba4 26. g3 Ra8 27. h4 Bd7 28. Kg2
Ra2 29. Nb3 Qa7 30. Re1 Qa3 31. e4 Be5 32. exf5 Bxf5 33. Be4 Bxe4+ 34. Rxe4 Qb2
35. Re2 Kg7 36. h5 Ra8 37. Qe3 Qc3 38. h6+ Kf8 39. Qe4 f5 40. Qh4 Kf7 41. Nd2
Qxc2 42. Rxe5 dxe5 43. Qg5 Re8 44. Qe3 Qc3 45. Qxc5 Qxd2 46. Qc7+ Re7 47. Qb8
Qxh6 48. d6 Qf8 49. Qxb4 Rd7 50. c5 Qa8+ 51. Kh2 Qd5 52. Qc3 Rb7 53. Qc2 Ra7 54.
Qc1 Ra2 55. Qe3 Ra1 56. f3 Qa2+ 0-1

[Event "London Classic Open 2016"]
[Site "London ENG"]
[Date "2016.12.16"]
[Round "9.102"]
[White "Burke, John S"]
[Black "Ainsworth, George"]
[Result "1-0"]
[WhiteElo "2055"]
[BlackElo "1711"]
[WhiteFideId "404322"]
[BlackFideId "449636"]
[EventDate "2016.12.09"]

1. e4 c6 2. d4 d5 3. exd5 cxd5 4. Bd3 Nf6 5. c3 Nc6 6. Bf4 e6 7. Nd2 Be7 8. Ngf3
Qb6 9. Rb1 a5 10. O-O Bd7 11. Re1 O-O 12. Ne5 Rfc8 13. Qf3 Be8 14. Qh3 g6 15. g4
Bf8 16. Bg5 Bg7 17. Qh4 Nxe5 18. dxe5 Nd7 19. Nf3 Qc5 20. Be7 Qc7 21. Ng5 h6 22.
Nf3 g5 23. Qg3 Nxe5 24. Nxe5 Bxe5 25. Qxe5 Qxe7 26. Qxd5 Bc6 27. Qe5 Rd8 28. Qe2
Qf6 29. Be4 Bxe4 30. Qxe4 Rd2 31. Re2 Rad8 32. Rbe1 Rxe2 33. Qxe2 Qf4 34. Rd1
Rxd1+ 35. Qxd1 Qc7 36. Qd3 Qe5 37. a3 Kg7 38. a4 Qf4 39. h3 Qc1+ 40. Kg2 Qf4 41.
Qe2 Qd6 42. Qe4 Qc6 43. Qxc6 bxc6 44. h4 Kf6 45. hxg5+ 1-0

[Event "London Classic Open 2016"]
[Site "London ENG"]
[Date "2016.12.16"]
[Round "9.103"]
[White "Jennings, Richard"]
[Black "Roebuck, Derek"]
[Result "1-0"]
[WhiteElo "1879"]
[BlackElo "1653"]
[WhiteFideId "2404435"]
[BlackFideId "3226999"]
[EventDate "2016.12.09"]

1. c4 e5 2. Nc3 Nc6 3. Nf3 f5 4. d4 e4 5. Ng5 Bb4 6. g3 Qf6 7. a3 Bxc3+ 8. bxc3
d6 9. Bg2 Nge7 10. O-O h6 11. Nh3 Bd7 12. f3 exf3 13. Bxf3 Qf7 14. Qd3 O-O 15.
Nf4 Kh8 16. Rb1 Rab8 17. Rb2 b6 18. e3 Nd8 19. Rbf2 c6 20. e4 g5 21. Bh5 Qg7 22.
Ng2 Nb7 23. Qf3 Kg8 24. Re1 fxe4 25. Qxe4 Rxf2 26. Kxf2 Nf5 27. g4 Nh4 28. Nxh4
gxh4 29. Qe7 Rf8+ 30. Kg2 Bc8 31. Qxh4 Qh7 32. Qe7 Qc2+ 33. Qe2 Qxc3 34. Bxh6
Rd8 35. Bg6 1-0

[Event "London Classic Open 2016"]
[Site "London ENG"]
[Date "2016.12.16"]
[Round "9.104"]
[White "Mohnblatt, Daniel"]
[Black "Haddock, Paul"]
[Result "1-0"]
[WhiteElo "1769"]
[BlackElo "1569"]
[WhiteFideId "648582"]
[BlackFideId "419150"]
[EventDate "2016.12.09"]

1. d4 Nf6 2. Nf3 g6 3. c4 Bg7 4. e3 O-O 5. Be2 d6 6. Nc3 c5 7. d5 Nbd7 8. h3 Rb8
9. O-O a6 10. a4 Ne5 11. Nxe5 dxe5 12. e4 b5 13. axb5 axb5 14. cxb5 e6 15. Bg5
h6 16. Bh4 exd5 17. Bxf6 Bxf6 18. Qxd5 Qxd5 19. Nxd5 Bg5 20. Ra5 Be6 21. Bc4
Bxd5 22. exd5 Bd2 23. Ra7 Rb6 24. Rd1 Bb4 25. d6 Rd8 26. Rxf7 Rbxd6 27. Rxd6 1-0

[Event "London Classic Open 2016"]
[Site "London ENG"]
[Date "2016.12.16"]
[Round "9.105"]
[White "Solli, Oddvar"]
[Black "Cotter, Len"]
[Result "1-0"]
[WhiteElo "1731"]
[BlackElo "1758"]
[WhiteFideId "1501208"]
[BlackFideId "431419"]
[EventDate "2016.12.09"]

1. Nf3 d5 2. g3 f5 3. Bg2 Nf6 4. c4 c6 5. Qc2 e6 6. O-O Bd6 7. d4 O-O 8. Nbd2
Bd7 9. Ne5 Be8 10. Ndf3 Nbd7 11. Bf4 Rc8 12. Nxd7 Qxd7 13. Bxd6 Qxd6 14. e3 Bh5
15. c5 Qe7 16. Ne5 Ng4 17. Nd3 Bg6 18. Qd2 Nf6 19. b4 Ne4 20. Qb2 Be8 21. Ne5 h5
22. Bxe4 fxe4 23. f3 h4 24. fxe4 hxg3 25. Rxf8+ Qxf8 26. hxg3 Qf6 27. Qf2 dxe4
28. Rf1 Qe7 29. Qf4 b6 30. Qxe4 bxc5 31. bxc5 Rc7 32. Rb1 Rb7 33. Kg2 Rxb1 34.
Qxb1 Qg5 35. Qe4 Qh5 36. Qf3 Qh7 37. g4 Qc2+ 38. Qf2 Qe4+ 39. Kg3 Qh1 40. Nd3 g5
41. Ne5 Qh4+ 42. Kg2 Qh7 43. Qf6 Qe4+ 44. Nf3 Qxg4+ 45. Kf2 Bh5 46. Qxg5+ Qxg5
47. Nxg5 Bf7 48. Kf3 Kg7 49. Kf4 e5+ 50. Kxe5 Bxa2 51. Ne4 Bd5 52. Nc3 Bf7 53.
e4 Kf8 54. Kd6 Be8 55. Kc7 Ke7 56. Kb7 a5 57. Kb6 Kd7 58. Kxa5 Kc7 59. d5 cxd5
60. exd5 Bf7 61. Kb5 Be8+ 62. Kc4 Kb7 63. Kd4 Kc7 64. Ke4 Kd7 65. Nb5 Kd8 66. c6
Ke7 67. d6+ Kd8 68. c7+ Kd7 69. Na7 1-0

[Event "London Classic Open 2016"]
[Site "London ENG"]
[Date "2016.12.16"]
[Round "9.106"]
[White "Kalerwa, Edwin M"]
[Black "Lie, Terje"]
[Result "1-0"]
[WhiteElo "1756"]
[BlackElo "1563"]
[WhiteFideId "422223"]
[BlackFideId "1504916"]
[EventDate "2016.12.09"]

1. c4 e6 2. d4 Nf6 3. Nc3 Bb4 4. Qc2 O-O 5. Bg5 h6 6. Bh4 Be7 7. Nf3 b6 8. e4 d6
9. h3 Nbd7 10. O-O-O Nh5 11. Bxe7 Qxe7 12. Ne2 e5 13. g4 Nf4 14. Nxf4 exf4 15.
Bd3 c5 16. Rhg1 g5 17. h4 f6 18. Rh1 Kg7 19. Rh2 Rh8 20. Rdh1 Bb7 21. Qc3 Bxe4
22. Re1 cxd4 23. Nxd4 Nc5 24. Nf5+ Kf7 25. Nxe7 Nxd3+ 26. Kd2 Nxe1 27. Kxe1 Kxe7
28. hxg5 Raf8 29. f3 Bg6 30. gxh6 Rh7 31. Qd2 Kd7 32. Qxf4 Re8+ 33. Kf2 Re6 34.
Kg3 Ke7 35. b4 Re5 36. Rd2 Ke6 37. Qd4 Rd7 38. f4 Re4 39. f5+ Bxf5 40. gxf5+
Kxf5 41. Rf2+ Kg5 42. Qxf6+ 1-0

[Event "London Classic Open 2016"]
[Site "London ENG"]
[Date "2016.12.16"]
[Round "9.107"]
[White "Chilton, James I"]
[Black "Leko, Ian E"]
[Result "1-0"]
[WhiteElo "1740"]
[BlackElo "1588"]
[WhiteFideId "423009"]
[BlackFideId "452173"]
[EventDate "2016.12.09"]

1. e4 c5 2. Nf3 d6 3. d4 cxd4 4. Nxd4 Nf6 5. Nc3 a6 6. Be3 e5 7. Nb3 Be7 8. f3
Be6 9. Qd2 O-O 10. g4 b5 11. g5 b4 12. Ne2 Ne8 13. Bg2 Nd7 14. f4 a5 15. f5 Bc4
16. Ng3 Kh8 17. h4 h6 18. f6 gxf6 19. Nf5 Rb8 20. Nxa5 Qxa5 21. Nxe7 Qb5 22. g6
Nb6 23. Bxb6 Kg7 24. Nf5+ Kg8 25. Qxh6 Qxb6 26. Qh7# 1-0

[Event "London Classic Open 2016"]
[Site "London ENG"]
[Date "2016.12.16"]
[Round "9.108"]
[White "Balaji, Aaravamudhan"]
[Black "Kretov, Ivan"]
[Result "1-0"]
[WhiteElo "1634"]
[BlackElo "1674"]
[WhiteFideId "436224"]
[BlackFideId "24194484"]
[EventDate "2016.12.09"]

1. e4 c6 2. d4 d5 3. Nc3 dxe4 4. Nxe4 Bf5 5. Ng3 Bg6 6. Nf3 Nd7 7. h4 h6 8. h5
Bh7 9. Bd3 Bxd3 10. Qxd3 e6 11. Bd2 Qc7 12. O-O-O O-O-O 13. Rhe1 Ngf6 14. Qe2 c5
15. Kb1 Bd6 16. Ne5 Bxe5 17. dxe5 Nd5 18. c4 Ne7 19. Bc3 Nc6 20. f4 Nb6 21. b3
Rxd1+ 22. Rxd1 Rd8 23. Ne4 Rxd1+ 24. Qxd1 Qd8 25. Qxd8+ Nxd8 26. Nxc5 Kc7 27.
Ne4 Nc8 28. Bb4 a6 29. Bf8 g5 30. fxg5 hxg5 31. h6 1-0

[Event "London Classic Open 2016"]
[Site "London ENG"]
[Date "2016.12.16"]
[Round "9.111"]
[White "Spychala, Josefa"]
[Black "Bratteteig, Tore-Inge"]
[Result "1-0"]
[WhiteElo "1466"]
[BlackElo "1698"]
[WhiteFideId "1136208"]
[BlackFideId "1510711"]
[EventDate "2016.12.09"]

1. d4 f5 2. c4 Nf6 3. Nc3 e6 4. Nf3 d6 5. g3 Be7 6. Bg2 O-O 7. O-O Qe8 8. b3 Ne4
9. Nxe4 fxe4 10. Nd2 d5 11. Bb2 Nd7 12. Qc2 c6 13. Rac1 Nf6 14. e3 Qh5 15. f3
exf3 16. Bxf3 Ng4 17. Bxg4 Qxg4 18. Rxf8+ Bxf8 19. e4 Bd7 20. Qd3 Be7 21. c5 Rf8
22. e5 Be8 23. Rf1 Rxf1+ 24. Qxf1 Bg6 25. b4 Bh5 26. Kg2 Bg5 27. Bc3 Bxd2 28.
Bxd2 Qe4+ 29. Kf2 Qxd4+ 30. Be3 Qxe5 31. Qd3 Bg6 32. Qd4 Qf5+ 33. Bf4 Qc2+ 34.
Qd2 Qe4 35. Qc3 Qh1 36. g4 Be4 37. Qg3 Qb1 38. a3 Qc2+ 39. Ke1 Qb2 40. Bd2 Qa1+
41. Ke2 Qa2 42. Qb8+ Kf7 43. Qxb7+ Kg6 44. Qxa7 Qc4+ 45. Ke1 Bf3 46. Kf2 Qe2+
47. Kg3 Qg2+ 48. Kf4 Qxg4+ 49. Ke5 d4 50. Qe7 Bd5 51. Qe8# 1-0